|
|
|
|
| LEADER |
00000nas a22000007i 4500 |
| 001 |
ssj0002182 |
| 003 |
WaSeSS |
| 005 |
20200512172242.0 |
| 006 |
m d |
| 007 |
cr n |
| 008 |
991011c19869999maudn pes 0 a0eng c |
| 010 |
|
|
|a 2008212223
|
| 022 |
|
|
|a 1944-7655
|l 0887-7661
|y 0887-7661
|
| 035 |
|
|
|a (WaSeSS)ssj0002182
|
| 040 |
|
|
|a BNG
|b eng
|e pn
|c BNG
|d OCLCQ
|d NSD
|d EYM
|d OCLCQ
|d OCLCO
|d OCLCF
|d OCLCO
|d OCLCQ
|d CUS
|d UKBOL
|d OCLCO
|d CUS
|d WaSeSS
|
| 042 |
|
|
|a nsdp
|a pcc
|
| 050 |
1 |
4 |
|a QA1
|b .N476
|
| 222 |
|
0 |
|a Network world
|b (Online)
|
| 245 |
0 |
0 |
|a Network world
|h [electronic resource].
|
| 246 |
1 |
|
|a NW
|
| 246 |
1 |
|
|a NWW
|
| 260 |
|
|
|a Framingham, MA :
|b [CW Communications]
|
| 310 |
|
|
|a Daily
|
| 321 |
|
|
|a Weekly,
|b 1986-
|
| 362 |
1 |
|
|a Began with Vol. 3, no. 3 (Mar. 24, 1986).
|
| 506 |
|
|
|a License restrictions may limit access.
|
| 538 |
|
|
|a Mode of access: World Wide Web.
|
| 588 |
|
|
|a Description based on: Vol. 19, no. 1 (Jan. 7, 2002); title from PDF masthead (EBSCO business source complete website, viewed July 15, 2016).
|
| 588 |
|
|
|a Latest issue consulted: July 13, 2016 (Business insights global website, viewed July 15, 2016).
|
| 650 |
|
0 |
|a Computers
|v Periodicals.
|
| 650 |
|
0 |
|a Computer networks
|v Periodicals.
|
| 650 |
|
0 |
|a Telecommunication
|v Periodicals.
|
| 650 |
|
0 |
|a Electronic data processing
|v Periodicals.
|
| 650 |
|
7 |
|a Computer networks.
|2 fast
|0 (OCoLC)fst00872297
|
| 650 |
|
7 |
|a Computers.
|2 fast
|0 (OCoLC)fst00872776
|
| 650 |
|
7 |
|a Electronic data processing.
|2 fast
|0 (OCoLC)fst00906956
|
| 650 |
|
7 |
|a Telecommunication.
|2 fast
|0 (OCoLC)fst01145830
|
| 653 |
|
|
|a Computing, mathematics and information systems
|
| 655 |
|
0 |
|a Electronic journals.
|
| 775 |
0 |
8 |
|i Issued also as a website:
|t Network world.
|d Framingham, MA : Network World
|w (OCoLC)49852912
|
| 776 |
0 |
8 |
|i Print version, 1986-2013:
|t Network world
|x 0887-7661
|w (DLC) 86650682
|w (OCoLC)13350973
|
| 780 |
0 |
0 |
|t On communications
|x 8750-7854
|w (DLC) 85648228
|w (OCoLC)11447108
|
| 856 |
4 |
0 |
|z Full text available from Research Library: 11/30/1987 to 06/03/2013
|u https://search.proquest.com/publication/37531
|